Power system analysis (Record no. 1347)

000 -LEADER
fixed length control field 00590nam a2200229 a 4500
001 - CONTROL NUMBER
control field 1347
003 - CONTROL NUMBER IDENTIFIER
control field BD-DhUET
008 - FIXED-LENGTH DATA ELEMENTS--GENERAL INFORMATION
fixed length control field 931008s1994 nyua 001 0 eng
020 ## - INTERNATIONAL STANDARD BOOK NUMBER
International Standard Book Number 0070585156
020 ## - INTERNATIONAL STANDARD BOOK NUMBER
International Standard Book Number 0071133380
040 ## - CATALOGING SOURCE
Original cataloging agency DLC
Transcribing agency DLC
Modifying agency BD-DhUET
082 00 - DEWEY DECIMAL CLASSIFICATION NUMBER
Classification number 623.19
Item number GRA/1994
100 1# - MAIN ENTRY--PERSONAL NAME
Personal name Grainger, John J.
245 10 - TITLE STATEMENT
Title Power system analysis
250 ## - EDITION STATEMENT
Edition statement 1st ed.
260 ## - PUBLICATION, DISTRIBUTION, ETC. (IMPRINT)
Place of publication, distribution, etc. New York
Name of publisher, distributor, etc. McGraw-Hill
Date of publication, distribution, etc. 1994
300 ## - PHYSICAL DESCRIPTION
Extent xix, 787 p.
Other physical details ill.
504 ## - BIBLIOGRAPHY, ETC. NOTE
Bibliography, etc Includes bibliographies
650 #0 - SUBJECT ADDED ENTRY--TOPICAL TERM
Topical term or geographic name as entry element Electric power systems-Management
700 1# - ADDED ENTRY--PERSONAL NAME
Personal name Stevenson, William D.
942 ## - ADDED ENTRY ELEMENTS (KOHA)
Koha item type General Book
Holdings
Piece designation (barcode) Koha normalized classification for sorting Withdrawn status Koha item type Koha issues (times borrowed) Date acquired Location (home branch) Koha renewals Shelving location Lost status Koha full call number Koha out on loan Damaged status Sublocation or collection (holding branch) Source of classification or shelving scheme Koha date last seen Price effective from Not for loan Koha date last borrowed Copy number
103960623_000000000000000_19GRA1994 General Book52014-09-03Central Library, BUET Circulation section 623.19/GRA/1994  Central Library, BUET 2024-06-012014-09-03 2024-03-041
103961623_000000000000000_19GRA1994 General Book12014-09-03Central Library, BUET Circulation section 623.19/GRA/1994  Central Library, BUET 2020-01-142014-09-03 2019-05-062
103962623_000000000000000_19GRA1994 General Book32014-09-03Central Library, BUET1Circulation section 623.19/GRA/1994  Central Library, BUET 2025-11-032014-09-03 2025-07-133
103963623_000000000000000_19GRA1994 General Book12014-09-03Central Library, BUET Circulation section 623.19/GRA/1994  Central Library, BUET 2025-04-222014-09-03 2019-10-214
103964623_000000000000000_19GRA1994 General Book12014-09-03Central Library, BUET Circulation section 623.19/GRA/19942023-12-11 Central Library, BUET 2023-11-272014-09-03 2023-11-275
103965623_000000000000000_19GRA1994 General Book 2014-09-03Central Library, BUET Circulation section 623.19/GRA/1994  Central Library, BUET 2016-01-262014-09-03  6
103966623_000000000000000_19GRA1994 General Book12014-09-03Central Library, BUET2Circulation section 623.19/GRA/1994  Central Library, BUET 2021-12-132014-09-03 2021-02-137
103967623_000000000000000_19GRA1994 General Book22014-09-03Central Library, BUET Circulation section 623.19/GRA/19942023-02-06 Central Library, BUET 2022-02-062014-09-03 2022-02-068
103968623_000000000000000_19GRA1994 General Book52014-09-03Central Library, BUET Circulation section 623.19/GRA/19942025-05-17 Central Library, BUET 2025-05-032014-09-03 2025-05-039
89529623_190000000000000_GRA_1994 Reading Item 2015-06-21Central Library, BUET Reading section 623.19/GRA/1994  Central Library, BUET 2015-06-212015-06-21  10
91138623_190000000000000_GRA_1994 Reading Item 2015-06-21Central Library, BUET Reading section 623.19/GRA/1994  Central Library, BUET 2015-06-212015-06-21  11
90777623_190000000000000_GRA_1994 Reading Item 2015-07-02Central Library, BUET Reading section 623.19/GRA/1994  Central Library, BUET 2015-07-022015-07-02  12